000 00515nam a2200181Ia 4500
005 20240913130026.0
008 240913s9999||||xx |||||||||||||| ||und||
041 _aENGLISH
082 _A620.5 P7
100 _aNoorul Islam College of Engineering
245 0 _aEmerging Adaptive Systems and Technologies (EAST 2007) Volume - II
250 _a1st
260 _c2007
_bNoorul Islam College of Engine
500 _aREFERENCE
650 _aNano Technology
_bNano Technology
942 _cREF
999 _c246800
_d246800